000 01592ngm a22004090a 4500
001 PT36192
003 AR-LpoUNG
005 20210202000502.0
007 vd cvaizq
008 191001s1996||||ag |||||||||||||||||spa d
040 _aAR-LpoUNG
_bspa
_cAR-LpoUNG
_eaacr
041 _aspa
044 _aag
082 0 _a982.064 398mal
100 1 _aAliverti, Eduardo
_edir.
245 1 0 _aMalajunta :
_ba veinte años del golpe militar, la memoria de pie
260 _aBuenos Aires :
_bEduardo Alverti - CREARS,
_c1996.
300 _aDVD : son., col.
520 _aEs un documental inédito por su calidad realizativa, por su material de archivo, por su investigación periodistica, por sus testimonios, brindados por figuras de relieve internacional nunca antes convocadas en forma simultánea para proyecto alguno. Porque el recuerdo del horror impone la necesidad de pelear contra el olvido. Con testimonios de Roberto Fontanarrosa, Eduardo Galeano, León Gieco, Luis Puenzo, Miguel Angel Solá, Julio César Strassera, David Viñas, H.I.J.O.S. y la participación especial de Alfredo Alcón.
650 4 _aARGENTINA
650 4 _aASPECTOS POLITICOS
650 4 _aAUTORITARISMO
650 4 _aDEMOCRACIA
650 4 _aDERECHOS HUMANOS
650 4 _aDESARROLLO POLITICO
650 4 _aDICTADURA
650 4 _aFUERZAS ARMADAS
650 4 _aSISTEMAS POLITICOS
650 4 _aSOCIEDAD
653 _aCINE ARGENTINO
653 _aDOCUMENTALES
653 _aVIDEOS
700 1 _aMilstein, Pablo
_edir.
700 1 _aRubel, Javier
_edir.
905 _a36192
942 _cDVD
999 _c54945
_d54945